Religion Quiz

Random Religion or Bible Quiz
Score 0/9 Timer 02:00
1 Play Today
% Correct
Exodus
84.4%
Psalms
75.7%
Romans
67.5%
Esther
64.6%
Judges
64.1%
Joshua
63%
Daniel
54.2%
Isaiah
54%
Haggai
37.2%

You're not logged in!

Compare scores with friends on all Sporcle quizzes.
OR
Log In

Sporcle TV

Today on Sporcle TV


Watch our educational content, quiz creation guides, and fun videos on Sporcle TV.

Show Comments

Extras

Top Quizzes Today


Score Distribution

Paid Content

Your Account Isn't Verified!

In order to create a playlist on Sporcle, you need to verify the email address you used during registration. Go to your Sporcle Settings to finish the process.

Report this User

Report this user for behavior that violates our Community Guidelines.

Details: